Strategic retail management (Record no. 76867)

MARC details
000 -LEADER
fixed length control field 01345nam a2200241 a 4500
008 - FIXED-LENGTH DATA ELEMENTS--GENERAL INFORMATION
fixed length control field 120416s1983 ||||||||||||||||| || u
020 ## - INTERNATIONAL STANDARD BOOK NUMBER
International Standard Book Number 0201100851
050 ## - LIBRARY OF CONGRESS CALL NUMBER
Classification number HF 5429 Arn
100 ## - MAIN ENTRY--PERSONAL NAME
Personal name Capella, Louis M., 1943-
245 10 - TITLE STATEMENT
Title Strategic retail management
260 ## - PUBLICATION, DISTRIBUTION, ETC.
Place of publication, distribution, etc. Reading, Mass.
Name of publisher, distributor, etc. Addison-Wesley
Date of publication, distribution, etc. 1983
300 ## - PHYSICAL DESCRIPTION
Extent xxvii, 708p.: ill
350 ## -
-- 0.00
500 ## - GENERAL NOTE
General note Includes bibliographical references and index.
650 ## - SUBJECT ADDED ENTRY--TOPICAL TERM
Topical term or geographic name entry element RETAIL TRADE--MANAGEMENT
700 ## - ADDED ENTRY--PERSONAL NAME
Personal name Arnold, Danny R., 1948-
700 ## - ADDED ENTRY--PERSONAL NAME
Personal name Smith, Garry D., 1948-
995 ## -
-- MAIN LIBRARY OPEN ACCESS
-- 0.00
-- 004568
-- CBU-MAIN LIBRARY (Kitwe)
-- 3
-- 25.00
-- HF 5429 Arn
-- 3
-- AVAILABLE
-- 004568
-- Main Library Open Access Collection
995 ## -
-- ANNEX COLLECTION (Main Library)
-- 0.00
-- 710444
-- CBU-MAIN LIBRARY (Kitwe)
-- 1
-- 25.00
-- HF 5429 Arn
-- 1
-- AVAILABLE
-- 004566
-- Annex Low-Usage Collection
995 ## -
-- MAIN LIBRARY OPEN ACCESS
-- 0.00
-- 710443
-- CBU-MAIN LIBRARY (Kitwe)
-- 4
-- 25.00
-- HF 5429 Arn
-- 4
-- AVAILABLE
-- 004565
-- Main Library Open Access Collection
995 ## -
-- ANNEX COLLECTION (Main Library)
-- 0.00
-- 710442
-- CBU-MAIN LIBRARY (Kitwe)
-- 2
-- 25.00
-- HF 5429 Arn
-- 2
-- AVAILABLE
-- 004567
-- Annex Low-Usage Collection
995 ## -
-- TEXTBOOKS (SB)
-- 0.00
-- 1063
-- CBU-SCHOOL TEXTBOOK COLLECTIONS
-- 1
-- 0.00
-- SCHOOL TEXTBOOK
-- 5
-- AVAILABLE
-- Sep 15, 2009
-- 1063
-- School Collections
999 ## -
-- 76867
-- 76867
Holdings
Withdrawn status Lost status Source of classification or shelving scheme Damaged status Not for loan Permanent Location Current Location Shelving location Date acquired Total Checkouts Full call number Barcode Date last seen Copy number Price effective from Koha item type
          CBU-MAIN LIBRARY, KITWE. CBU-MAIN LIBRARY, KITWE.   04/25/2023   HF 5429 Arn 004568 04/25/2023 1 04/25/2023 MONOGRAPH
          CBU-MAIN LIBRARY, KITWE. CBU-MAIN LIBRARY, KITWE.   04/25/2023   HF 5429 Arn 004566 04/25/2023 2 04/25/2023 MONOGRAPH
          CBU-MAIN LIBRARY, KITWE. CBU-MAIN LIBRARY, KITWE.   04/25/2023   HF 5429 Arn 004565 04/25/2023 3 04/25/2023 MONOGRAPH
          CBU-MAIN LIBRARY, KITWE. CBU-MAIN LIBRARY, KITWE.   04/25/2023   HF 5429 Arn 004567 04/25/2023 4 04/25/2023 MONOGRAPH
          CBU-SCHOOL TEXT BOOK COLLECTION CBU-SCHOOL TEXT BOOK COLLECTION   04/25/2023   SCHOOL TEXTBOOK 1063 04/25/2023 5 04/25/2023 MONOGRAPH